| 000 | 00603cam a2200217ua 4500 | ||
|---|---|---|---|
| 001 | 264 | ||
| 008 | 110326n ii |||gr||||Z||||||eng | ||
| 020 | _a978-81-272-5467-4 | ||
| 040 | _cMAIN | ||
| 082 | _a004 | ||
| 245 | 1 |
_aInformation technology and its implications in business _cby Gurvinder Singh |
|
| 250 | _a1st. | ||
| 260 |
_aLudhiana: _bKalyani publishers, _c2009. |
||
| 300 |
_a416p.: _bill.; _c20cm. |
||
| 653 | _aComputer science | ||
| 653 | _aInformation technology | ||
| 653 | _aIT implications in business | ||
| 700 | 1 | _aby Singh, Gurvinder., | |
| 700 | 1 | _aSingh, Rachhpal, | |
| 942 | _cBK | ||
| 999 |
_c223 _d223 |
||